| 000 | 00878nam a2200265Ia 4500 | ||
|---|---|---|---|
| 003 | OSt | ||
| 005 | 20220918170305.0 | ||
| 006 | a|||||r|||| 00| 0 | ||
| 007 | ta | ||
| 008 | 220917b |||||||| |||| 00| 0 eng d | ||
| 020 |
_a9780195135008 (hbk) _c3485.25 |
||
| 024 | _a261,350 | ||
| 037 |
_b182, 15/02/2012, Standard Book House _cTextual |
||
| 040 |
_aARTS _cARTS _beng |
||
| 041 |
_2eng _aeng |
||
| 082 | _aX:89Ag, P4 | ||
| 100 |
_aPoole Marshall Scott Ed. _928155 |
||
| 245 | 0 | _aHandbook of organizational change and innovation | |
| 260 |
_aOxford _bOxford University Press UK _c2004 |
||
| 300 |
_axvi,430p. _ccm. |
||
| 650 |
_aECONOMICS; INDUSTRIES _928156 |
||
| 700 |
_a Ven Andrew H Van Ed. _928157 |
||
| 942 |
_hX:89Ag, P4 _cTEXL _2CC |
||
| 999 |
_c133458 _d133458 |
||